| 000 | 00587nam a22001817a 4500 | ||
|---|---|---|---|
| 999 |
_c188145 _d188145 |
||
| 005 | 20220511122239.0 | ||
| 010 | _aENG-132589 | ||
| 020 |
_a9789385981104 _c600.00 |
||
| 035 | _aEN-116121 | ||
| 037 | _bDBAD/PUB | ||
| 082 | _a658.7 | ||
| 100 | _aMishra, Ashutosh | ||
| 245 |
_aSupply Chain Management/ _cAshutosh Mishra |
||
| 260 |
_aNew Delhi _bSatyam Publication House _c2016 |
||
| 270 |
_aN-3/25,Mohan Garden, Uttam Nagar, New Delhi _bNew Delhi _e110059 _k25358642 _msatyampub_2006@yahoo.com |
||
| 300 |
_a181p _c23cm(hbk) _bGlossary |
||
| 942 |
_2ddc _cEN _mMIS _h658.7 |
||